Detroit: Become Human Characters by Mention - Statistics

General Stats
  • This quiz has been taken 89 times
  • The average score is 20 of 41
Answer Stats
Hint Answer % Correct
152 Connor
99%
132 Kara
97%
225 Markus
97%
197 Alice
95%
47 Luther
91%
38 North
91%
19 Simon
88%
173 Lieutenant Hank Anderson
80%
8 Josh
77%
15 Daniel
63%
7 Jerry
61%
12 Amanda
60%
21 Elijah Kamski
60%
3 Detective Gavin Reed
55%
2 Lucy
55%
77 Ralph
55%
9 Sumo
55%
55 Carl Manfred
52%
21 Leo Manfred
51%
3 Captain Allen
49%
6 John
48%
5 Special Agent Richard Perkins
47%
13 Cole Anderson
45%
6 Traci
45%
38 Todd Williams
44%
15 Rose Chapman
33%
3 Rupert
33%
29 rA9
32%
13 Adam Chapman
31%
12 President Christina Warren
31%
7 Carlos Ortiz
29%
8 Captain Jeffrey Fowler
28%
3 Emma Phillips
23%
15 Zlatko Andronikov
23%
12 Officer Chris Miller
20%
6 Detective Ben Collins
19%
3 Joss Douglas
7%
4 Jimmy Peterson
5%
2 Pedro Aabdar
5%
3 Gary Kayes
4%
4 Michael Webb
4%
No matching quizzes found
Score Distribution
Percent of People with Each Score
Percentile by Number Answered
Your Score History
You have not taken this quiz